Регионална библиотека "Любен Каравелов" - Русе

Червено, бяло и кралско синьо (Запис номер 508976)

MARC детайли
000 -Лидер
Лидер 00935nam a2200253 a 4500
003 - Код на организацията, давaща контролен номер
Код на организацията, даваща контролен номер BLK
005 - Дата и час на последна редакция
Дата и час на последна редакция 20250725092516.0
008 - Елементи от данни с фиксирана дължина
Елементи с фиксирана дължина 221206b bul|||||r ||||||| ||bul||
020 ## - Международен стандартен номер на книга ISBN
ISBN 9789542846260
040 ## - Източник на каталожния запис
Код на библиотеката BLK
041 ## - Код за език
Език Български
Език за КДБФ Български
080 ## - УДК
УДК текст Английска литература
УДК код 821.111
УДК – определител -31
УДК – код + определител 821.111-31
9 (RLIN) 226869
084 ## - Класификационен индекс по друга класификация
Авторски знак Мак - М 19
100 ## - Редна дума - Автор
Автор Маккуистън, Кейси
R(LIN) 492197
245 10 - Сведения за заглавието
Заглавие Червено, бяло и кралско синьо
Авторска отговорност Кейси Маккуистън; прев. Анелия Петрунова.
260 ## - Област на издателските данни
Място на издаване София
Име на издателя Сиела Норма
Година на издаване 2024
9 (RLIN) 217021
300 ## - Физическа характеристика
Брой страници 460 с.
Размер 21 см
380 ## - Жанр
Жанр Худож. лит.
700 1# - Други автори (авторска отговорност)
Друг автор Петрунова, Анелия Георгиева, 1977-
9 (RLIN) 110375
Авт. отговорност на др. автор прев.
856 4# - Електронен адрес и достъп
Електронен формат pdf - файл
Инструкция (цена за достъп) 0.00
Права за достъп disable
856 4# - Електронен адрес и достъп
Електронен формат pdf - файл
Инструкция (цена за достъп) 0.00
Права за достъп disable
942 ## - АРТИКУЛИ
Вид на библиотечния документ Книги
Скрит в OPAC Не
Периодичен библиозапис Да
Koha issues (borrowed), all copies 127
999 ## - СИСТЕМНИ КОНТРОЛНИ НОМЕРА
Koha biblionumber 508976
Koha biblioitemnumber 508976
944 ## - СЪЗДАВАНЕ И РЕДАКЦИЯ на ЗАПИСА
Създаване/Редакция
Дата на регистрацията/редакция Нора Радева
Служител, извършил регистрацията/редакцията 30530
Номер на служител Минев Младен
Наличности
Код за отписване Код за изгубен артикул Източник на класификационната схема Код за повреда Код за отдаване Артикулен № Име на библиотеката - собственик Име на библиотеката, в която се намира в момента Статус (Текущо местоположение) Дата на вписване в системата Местоположение - отдел Цена в лева Инвентарен номер Систематично азбучна сигнатура Баркод Цена в евро Служебен тип на артикула
  Не е изгубен Universal Decimal Classification Не е повреден заемане за дома 942376 Регионална библиотека "Любен Каравелов" Русе Регионална библиотека "Любен Каравелов" Русе Заемна - подръчен фонд 2024-04-17 Заемна - подръчен фонд 17.50 120000901399 821-31/М 19 К 120000901399 8.95 Книги
Vip Innovations Ltd, Rousse, Bulgaria 2025